Loading...
Jane Eyre and Villette /
| Format: | Printed Book |
|---|---|
| Language: | English |
| Published: |
London:
Macmillan,
1973.
|
| Edition: | 1st. |
| Subjects: |
| LEADER | 00541cam a2200181ua 4500 | ||
|---|---|---|---|
| 008 | 060815t1973||||||||||| 00 ||eng c | ||
| 041 | 0 | |a eng | |
| 082 | |a 823.409 |b CHA | ||
| 245 | 1 | 0 | |a Jane Eyre and Villette / |
| 250 | |a 1st. | ||
| 260 | |a London: |b Macmillan, |c 1973. | ||
| 300 | |a 254p.. | ||
| 362 | 1 | |a 1973. | |
| 365 | |a Pd.4.50 |e PB | ||
| 650 | 0 | |a English fiction- criticism | |
| 942 | |c BK | ||
| 999 | |c 4856 |d 4856 | ||
| 952 | |0 0 |1 0 |4 0 |6 823_409000000000000_CH |7 0 |9 5084 |a KUCL |b KUCL |d 2014-05-23 |l 2 |m 1 |o 823.409 CH |p 08507 |r 2020-07-10 |s 2020-03-17 |w 2014-05-23 |y BK | ||